Marvel Rivals: Namor Skins by Picture - Statistics

General Stats
  • This quiz has been taken 10 times
  • The average score is 5 of 8
Answer Stats
Picture Answer % Correct
Black Panther: Wakanda Forever
100%
Phoenix King
80%
Will of Galacta
80%
Monstro King
60%
Retro X-Uniform
60%
Savage Sub-Mariner
60%
Mauve Sub-Mariner
40%
Phantom Tide
40%
No matching quizzes found
Score Distribution
Percent of People with Each Score
Percentile by Number Answered
Your Score History
You have not taken this quiz